Statistics for Soccer Stadiums 2012

Click here to take the quiz!

General Stats

  • This quiz has been taken 266 times
  • The average score is 13 of 20

Answer Stats

HintAnswer% Correct
ArsenalThe Emirates
96%
ChelseaStamford Bridge
95%
Manchester UnitedOld Trafford
93%
LiverpoolAnfield
92%
Aston VillaVilla Park
87%
Manchester CityThe Etihad
86%
Newcastle UnitedSt James' Park
85%
EvertonGoodison Park
82%
FulhamCraven Cottage
82%
SunderlandStadium of Light
64%
QPRLoftus Road
64%
SouthamptonSt Mary's Stadium
57%
Norwich CityCarrow Road
52%
Stoke CityBritannia Stadium
46%
SwanseaLiberty Stadium
46%
Tottenham HotspursWhite Heart Lane
39%
Wigan AthleticThe Dw Stadium
31%
West Bromich AlbionThe Hawthorns
30%
ReadingThe Madejski Stadium
29%
West Ham UnitedBoleyn Ground
22%

Score Distribution

Percentile by Number Answered

Percent of People with Each Score

Your Score History

You have not taken this quiz